| 000 | 00976nam2a22002411 4500 | ||
|---|---|---|---|
| 001 | RU\NLR\INFOCOMM10\ROSSICA\1000076643 | ||
| 005 | 20250613190709.0 | ||
| 035 | _a(NLR Aleph) 009915402 | ||
| 090 |
_a10639246 _c10639246 |
||
| 100 | _a20031112d1815 |||y0rusy50 ca | ||
| 101 | 0 |
_arus _afre |
|
| 102 | _aRU | ||
| 105 | _ay ||||000ay | ||
| 200 | 0 | _aVol.4 | |
| 210 |
_d1815 _aБ. м. |
||
| 461 | 0 |
_1001RU\NLR\INFOCOMM10\ROSSICA\1000006267 _12001#$aTraité de la mythologie à l'usage des jeunes gens$eNouvellement corrigé et augmenté de la mithologie (sic) des Slavons$fLyonnois$gPar S. Ouchakoff$vVol.4 _1700#1$aLyonnois$4070 _910622037 _aLyonnois _cSt.Pétersbourg _d1815 _fLyonnois _oNouvellement corrigé et augmenté de la mithologie (sic) des Slavons _tTraité de la mythologie à l'usage des jeunes gens _vVol.4 |
|
| 801 | 1 |
_aRU _bInfoComm _c20031112 |
|
| 801 | 0 |
_aRU _bNLR _gPSBO |
|
| 852 |
_aNLR _j13.12.2.80 |
||
| 942 | _cBOOK | ||
| 980 | _aNB | ||
| 980 | _aRossica | ||